[Event "CZE-chT2A 1516"]
[Site "Czech Republic"]
[Date "2016.01.24"]
[Round "6.2"]
[White "Kuba, Jindrich"]
[Black "Chalus, Karel"]
[Result "1-0"]
[WhiteElo "2264"]
[BlackElo "2080"]
[PlyCount "65"]
[EventDate "2015.10.18"]
[EventType "team-tourn"]
[EventRounds "11"]
[EventCountry "CZE"]
[SourceTitle "EXT 2022"]
[Source "ChessBase"]
[SourceDate "2021.10.06"]
[SourceVersion "1"]
[SourceVersionDate "2021.10.06"]
[SourceQuality "1"]
[WhiteTeam "Unichess III"]
[BlackTeam "Plzen Kosutka"]
[WhiteTeamCountry "CZE"]
[BlackTeamCountry "CZE"]

1. e4 e5 2. Nf3 Nc6 3. Bb5 a6 4. Ba4 Nf6 5. 0-0 Be7 6. Re1 b5 7. Bb3 0-0 8. h3 d5 9. exd5 Nxd5 10. Nxe5 Nxe5 11. Rxe5 c6 12. d3 Bd6 13. Re1 Qh4 14. Qf3 Be6 15. Nc3 Rae8 16. Bd2 Nb4 17. Ne4 Be7 18. Rac1 a5 19. Ng3 a4 20. Re4 axb3 21. Rxh4 Bxh4 22. Bxb4 Bg5 23. cxb3 Bxc1 24. Bxf8 Kxf8 25. Qxc6 Bxb2 26. Qxb5 Rc8 27. a4 Bd4 28. Ne4 Ba7 29. Qb7 Bb8 30. g4 Be5 31. Ng5 Rb8 32. Nxe6+ fxe6 33. Qe4 1-0

[Event "CZE-chT1W 1516"]
[Site "Czech Republic"]
[Date "2016.01.17"]
[Round "6.6"]
[White "Bargel, Martin"]
[Black "Kuba, Jindrich"]
[Result "0-1"]
[WhiteElo "2119"]
[BlackElo "2278"]
[PlyCount "68"]
[EventDate "2015.10.11"]
[EventType "team-tourn"]
[EventRounds "11"]
[EventCountry "CZE"]
[SourceTitle "CBM 170 Extra"]
[Source "ChessBase"]
[SourceDate "2016.02.25"]
[SourceVersion "1"]
[SourceVersionDate "2016.02.25"]
[SourceQuality "1"]
[WhiteTeam "Neratovice"]
[BlackTeam "Unichess"]
[WhiteTeamCountry "CZE"]
[BlackTeamCountry "CZE"]

1. e4 c5 2. Nf3 e6 3. d4 cxd4 4. Nxd4 a6 5. Nc3 Qc7 6. Qf3 Nc6 7. Be3 Nf6 8. 0-0-0 Bb4 9. Nxc6 bxc6 10. Bd4 Bd6 11. Na4 e5 12. Bb6 Qb8 13. g4 0-0 14. Rd3 Be7 15. g5 Ne8 16. Rg1 d6 17. Bh3 Bxh3 18. Qxh3 Qc8 19. Qh5 Qe6 20. Rh3 Qg6 21. Qg4 f5 22. gxf6 Qxg4 23. Rxg4 Nxf6 24. Rgh4 c5 25. Rg3 Kh8 26. f3 g5 27. Rhh3 g4 28. fxg4 Nxe4 29. Rf3 Bg5+ 30. Kd1 Nf2+ 31. Ke2 Nxh3 32. Rxh3 Rf4 33. Nc3 Raf8 34. Nd1 Rxg4 0-1

[Event "CZE-chT2A 1516"]
[Site "Czech Republic"]
[Date "2016.01.10"]
[Round "5.2"]
[White "Jurek, Josef"]
[Black "Kuba, Jindrich"]
[Result "1/2-1/2"]
[WhiteElo "2286"]
[BlackElo "2264"]
[PlyCount "56"]
[EventDate "2015.10.18"]
[EventType "team-tourn"]
[EventRounds "11"]
[EventCountry "CZE"]
[SourceTitle "EXT 2022"]
[Source "ChessBase"]
[SourceDate "2021.10.06"]
[SourceVersion "1"]
[SourceVersionDate "2021.10.06"]
[SourceQuality "1"]
[WhiteTeam "Kozolupy"]
[BlackTeam "Unichess III"]
[WhiteTeamCountry "CZE"]
[BlackTeamCountry "CZE"]

1. Nf3 Nc6 2. d4 d5 3. g3 Bg4 4. Bg2 e6 5. 0-0 Bd6 6. c4 Nf6 7. cxd5 exd5 8. Nc3 0-0 9. Bg5 Be7 10. Ne5 Be6 11. Rc1 Na5 12. a3 c6 13. b4 Nc4 14. Nxc4 dxc4 15. Na4 Bd5 16. e4 Be6 17. Nc5 Bxc5 18. dxc5 h6 19. Qxd8 Rfxd8 20. Bxf6 gxf6 21. Rfd1 Rd3 22. Bf1 Rxd1 23. Rxd1 a5 24. Rc1 axb4 25. axb4 Ra4 26. f4 c3 27. Rxc3 Rxb4 28. Bd3 Rb2 1/2-1/2

[Event "CZE-chT1W 1516"]
[Site "Czech Republic"]
[Date "2015.12.13"]
[Round "5.7"]
[White "Cesal, Jaroslav"]
[Black "Kuba, Jindrich"]
[Result "1-0"]
[WhiteElo "2200"]
[BlackElo "2278"]
[PlyCount "61"]
[EventDate "2015.10.11"]
[EventType "team-tourn"]
[EventRounds "11"]
[EventCountry "CZE"]
[SourceTitle "EXT 2017"]
[Source "ChessBase"]
[SourceDate "2016.10.25"]
[SourceVersion "1"]
[SourceVersionDate "2016.10.25"]
[SourceQuality "1"]
[WhiteTeam "Praha Vysehrad"]
[BlackTeam "Unichess"]
[WhiteTeamCountry "CZE"]
[BlackTeamCountry "CZE"]

1. d4 Nf6 2. Nf3 e6 3. Bg5 d5 4. e3 Nbd7 5. Bd3 Bd6 6. 0-0 c6 7. c4 0-0 8. Nc3 dxc4 9. Bxc4 b5 10. Bd3 a6 11. Rc1 Qb6 12. e4 e5 13. Bxf6 gxf6 14. Nh4 Nb8 15. Qh5 Kg7 16. dxe5 Bxe5 17. Kh1 Rg8 18. f4 Bxc3 19. Rxc3 Be6 20. e5 Nd7 21. exf6+ Kf8 22. Qh6+ Ke8 23. Be4 Rc8 24. Nf5 Kd8 25. Ne7 Qd4 26. Rxc6 Nxf6 27. Nxg8 Rxc6 28. Nxf6 Rc8 29. Qg5 Rc5 30. Qg8+ Ke7 31. Qe8+ 1-0

[Event "CZE-chT1W 1516"]
[Site "Czech Republic"]
[Date "2015.11.29"]
[Round "4.8"]
[White "Forman, Stepan"]
[Black "Kuba, Jindrich"]
[Result "1/2-1/2"]
[WhiteElo "2278"]
[BlackElo "2278"]
[PlyCount "106"]
[EventDate "2015.10.11"]
[EventType "team-tourn"]
[EventRounds "11"]
[EventCountry "CZE"]
[SourceTitle "EXT 2017"]
[Source "ChessBase"]
[SourceDate "2016.10.25"]
[SourceVersion "1"]
[SourceVersionDate "2016.10.25"]
[SourceQuality "1"]
[WhiteTeam "Jicin"]
[BlackTeam "Unichess"]
[WhiteTeamCountry "CZE"]
[BlackTeamCountry "CZE"]

1. d4 Nf6 2. c4 e6 3. Nf3 d5 4. Nc3 c6 5. e3 Nbd7 6. Bd3 Bd6 7. e4 dxe4 8. Nxe4 Nxe4 9. Bxe4 Nf6 10. Bc2 Qa5+ 11. Bd2 Bb4 12. a3 Bxd2+ 13. Qxd2 Qxd2+ 14. Kxd2 0-0 15. Ne5 Rd8 16. Kc3 Bd7 17. g4 Be8 18. Rad1 Nd7 19. f4 f6 20. Nxd7 Rxd7 21. Rhe1 Bf7 22. Bb3 Re8 23. Rd2 Kf8 24. c5 e5 25. Bxf7 exd4+ 26. Rxd4 Rxf7 27. Rxe8+ Kxe8 28. h4 h6 29. Ra4 a6 30. Re4+ Re7 31. Rxe7+ Kxe7 32. Kb4 Kd7 33. Ka5 Kc7 34. f5 Kc8 35. Kb6 Kb8 36. Ka5 Kc7 37. Kb4 Kc8 38. Kc4 Kd7 39. Kd4 Ke7 40. Ke4 Kf7 41. Kf4 Ke7 42. b4 Kf7 43. Ke4 Ke7 44. a4 Kd7 45. Kd4 Ke7 46. Kc4 Kd7 47. b5 a5 48. bxc6+ bxc6 49. Kd3 Ke7 50. Ke3 Kd7 51. Kf4 Ke7 52. g5 h5 53. gxf6+ gxf6 1/2-1/2

[Event "CZE-chT1W 1516"]
[Site "Czech Republic"]
[Date "2015.11.15"]
[Round "3.6"]
[White "Kuba, Jindrich"]
[Black "Hrdina, Robin"]
[Result "1/2-1/2"]
[WhiteElo "2278"]
[BlackElo "2148"]
[PlyCount "54"]
[EventDate "2015.10.11"]
[EventType "team-tourn"]
[EventRounds "11"]
[EventCountry "CZE"]
[SourceTitle "CBM 169 Extra"]
[Source "ChessBase"]
[SourceDate "2015.12.18"]
[SourceVersion "1"]
[SourceVersionDate "2015.12.18"]
[SourceQuality "1"]
[WhiteTeam "Unichess"]
[BlackTeam "Vlasim"]
[WhiteTeamCountry "CZE"]
[BlackTeamCountry "CZE"]

1. e4 c5 2. Nf3 e6 3. d4 cxd4 4. Nxd4 a6 5. c4 Qc7 6. Nc3 b6 7. a3 Bb7 8. Be3 Nf6 9. Bd3 d6 10. f4 Be7 11. Qe2 Nbd7 12. Nb3 Rc8 13. 0-0 0-0 14. Rac1 Qb8 15. Bd4 Nc5 16. Nxc5 bxc5 17. Be3 Nd7 18. Rcd1 Rfd8 19. Bb1 Bc6 20. Rd2 Nf8 21. f5 Bf6 22. Qg4 Kh8 23. Rfd1 Qb3 24. Ba2 Qb7 25. Bb1 Qb3 26. Ba2 Qb7 27. Bb1 Qb3 1/2-1/2

[Event "CZE-chT1W 1516"]
[Site "Czech Republic"]
[Date "2015.11.01"]
[Round "2.8"]
[White "Postupa, Martin"]
[Black "Kuba, Jindrich"]
[Result "1/2-1/2"]
[WhiteElo "2125"]
[BlackElo "2278"]
[PlyCount "84"]
[EventDate "2015.10.11"]
[EventType "team-tourn"]
[EventRounds "11"]
[EventCountry "CZE"]
[SourceTitle "CBM 169 Extra"]
[Source "ChessBase"]
[SourceDate "2015.12.18"]
[SourceVersion "1"]
[SourceVersionDate "2015.12.18"]
[SourceQuality "1"]
[WhiteTeam "Praha Grop"]
[BlackTeam "Unichess"]
[WhiteTeamCountry "CZE"]
[BlackTeamCountry "CZE"]

1. e4 c5 2. Nc3 Nc6 3. g3 e6 4. Bg2 Nf6 5. d3 Be7 6. Nge2 d5 7. exd5 Nxd5 8. Nxd5 exd5 9. Nf4 d4 10. 0-0 0-0 11. Nd5 Bd6 12. Bf4 Be6 13. Bxd6 Qxd6 14. Nf4 Rae8 15. Qd2 Bg4 16. h3 Bc8 17. Rae1 b6 18. a3 Re5 19. g4 Bd7 20. Nh5 Rfe8 21. Ng3 Rxe1 22. Rxe1 Rxe1+ 23. Qxe1 Qe5 24. Qxe5 Nxe5 25. f4 Ng6 26. Ne2 Ba4 27. b3 Bb5 28. Bb7 a5 29. a4 Bd7 30. Kf2 f5 31. Kf3 Be6 32. Kg3 Ne7 33. Kh4 fxg4 34. hxg4 Bd5 35. Ba6 Bf3 36. Ng3 Bd1 37. Bc4+ Kh8 38. Ne4 Bxc2 39. Nd6 h6 40. f5 Nc6 41. Nf7+ Kh7 42. g5 hxg5+ 1/2-1/2

[Event "CZE-chT2A 1516"]
[Site "Czech Republic"]
[Date "2015.10.18"]
[Round "1.4"]
[White "Hlavac, Rudolf"]
[Black "Kuba, Jindrich"]
[Result "0-1"]
[WhiteElo "1968"]
[BlackElo "2264"]
[PlyCount "142"]
[EventDate "2015.10.18"]
[EventType "team-tourn"]
[EventRounds "11"]
[EventCountry "CZE"]
[SourceTitle "EXT 2022"]
[Source "ChessBase"]
[SourceDate "2021.10.06"]
[SourceVersion "1"]
[SourceVersionDate "2021.10.06"]
[SourceQuality "1"]
[WhiteTeam "Karlovy Vary"]
[BlackTeam "Unichess III"]
[WhiteTeamCountry "CZE"]
[BlackTeamCountry "CZE"]

1. e4 c5 2. Nf3 e6 3. c3 d5 4. exd5 Qxd5 5. d4 Nc6 6. Bd3 cxd4 7. cxd4 Bb4+ 8. Nc3 Qd8 9. 0-0 Nf6 10. Bg5 0-0 11. a3 Be7 12. Rc1 g6 13. Bb1 b6 14. Bh6 Re8 15. d5 exd5 16. Nxd5 Qxd5 17. Qxd5 Nxd5 18. Rxc6 Bb7 19. Rc2 Bf6 20. Ba2 Re7 21. Bg5 Kg7 22. Rd1 Bxg5 23. Nxg5 h6 24. Nh3 Rae8 25. Rcc1 g5 26. Bxd5 Bxd5 27. f4 Ba8 28. fxg5 hxg5 29. Rd2 Re2 30. Rcc2 R2e5 31. Rf2 R8e7 32. g3 Bb7 33. Rf1 Ba6 34. Rd1 Bb7 35. Rf2 Ba6 36. Kg2 Bc4 37. Ng1 Bd5+ 38. Kf1 g4 39. Rf4 Be6 40. Kf2 Rc7 41. Rd2 Rh5 42. Ke3 Rc1 43. Rg2 Re5+ 44. Re4 Rxe4+ 45. Kxe4 Re1+ 46. Kd4 Rb1 47. Ne2 Rxb2 48. Nf4 Rb3 49. Nxe6+ fxe6 50. Ra2 Kf6 51. Rf2+ Ke7 52. Ra2 Rf3 53. a4 Rf5 54. Rc2 Kd6 55. Ke4 Rc5 56. Rd2+ Ke7 57. Rd4 Kf6 58. Ke3 Kg5 59. Rb4 Rc3+ 60. Kd4 Rc2 61. a5 e5+ 62. Kd3 Rxh2 63. axb6 axb6 64. Rxb6 Rg2 65. Ke4 Rxg3 66. Rb8 Rf3 67. Rg8+ Kh4 68. Rh8+ Kg3 69. Kxe5 Kg2 70. Ke4 g3 71. Rg8 Kf2 0-1

[Event "CZE-chT1W 1516"]
[Site "Czech Republic"]
[Date "2015.10.11"]
[Round "1.7"]
[White "Jinova, Lucie"]
[Black "Kuba, Jindrich"]
[Result "0-1"]
[WhiteElo "2069"]
[BlackElo "2278"]
[PlyCount "118"]
[EventDate "2015.10.11"]
[EventType "team-tourn"]
[EventRounds "11"]
[EventCountry "CZE"]
[SourceTitle "CBM 169 Extra"]
[Source "ChessBase"]
[SourceDate "2015.12.18"]
[SourceVersion "1"]
[SourceVersionDate "2015.12.18"]
[SourceQuality "1"]
[WhiteTeam "Novoborsky II"]
[BlackTeam "Unichess"]
[WhiteTeamCountry "CZE"]
[BlackTeamCountry "CZE"]

1. e4 c5 2. c3 d5 3. exd5 Qxd5 4. d4 Nc6 5. Nf3 Bg4 6. Be2 cxd4 7. cxd4 e6 8. Nc3 Qd8 9. 0-0 Nf6 10. Be3 Be7 11. Qb3 Qb6 12. Qc4 Qb4 13. Ne5 Bxe2 14. Qxe2 0-0 15. Rad1 Qa5 16. f4 Rfd8 17. Qf3 Rac8 18. Nxc6 bxc6 19. f5 Qxf5 20. Qxf5 exf5 21. Rxf5 g6 22. Ra5 Ng4 23. Bg5 Bxg5 24. Rxg5 Ne3 25. Rd3 Nf5 26. Rg4 Rb8 27. b3 Rb4 28. Ne2 Kg7 29. Kf2 Re8 30. a3 Rb7 31. Rf4 Ne7 32. Re4 Rd8 33. b4 h5 34. Nc3 Nf5 35. h3 Rbd7 36. Ne2 h4 37. Ke1 g5 38. Kd1 Nd6 39. Re5 f6 40. Rc5 Ne4 41. Rxc6 Nf2+ 42. Kc2 Nxd3 43. Kxd3 Re7 44. Nc3 f5 45. d5 Rdd7 46. a4 Re1 47. Kd4 g4 48. d6 Kg6 49. Kd5 f4 50. Ne4 f3 51. gxf3 gxf3 52. Rc2 Re2 53. Rc1 Kf5 54. Kc6 Rd8 55. Kc7 Rf8 56. d7 Rxe4 57. d8Q Rxd8 58. Kxd8 Rxb4 59. a5 Kf4 0-1